Les 15 Etats des Etats-Unis les plus peuplés - Statistiques

Statistiques générales
  • Ce quiz a été pris 408 fois
  • Le résultat moyen est 10 sur 15
Statistiques - réponses
Habitants Etats % Correct
19,3 Mil New York
96%
37,2 Mil Californie
94%
25,1 Mil Texas
94%
18,8 Mil Floride
85%
6,7 Mil Washington
80%
11,5 Mil Ohio
65%
9,5 Mil Caroline du Nord
64%
9,6 Mil Georgie
64%
9,8 Mil Michigan
64%
12,8 Mil Illinois
62%
8,7 Mil New Jersey
59%
8 Mil Virginie
55%
6,4 Mil Indiana
48%
12,7 Mil Pennsylvanie
42%
6,5 Mil Massachussetts
8%
Aucun quiz correspondant
Distribution des résultats
% des personnes avec chaque résultat
Percentile par nombre de réponses
Votre historique - résultats
Vous n’avez pas pris ce quiz